00880nam a2200241Ia 4500001000600000003000900006008004100015040001300056040001300069041001200082100001900094100002900113245005200142245005000194250001100244260001100255260002600266260004900292300005900341500016800400650003900568650003100607E7867IT-RoPAU130308s9999 xx 000 0 und d aIT-RoPAU cIT-RoPAU aINGLESE aTomlinson John gCodice Aut. SPICS: 45470 aCultural Globalization and Cultural Imperialism bInternational Communication And Globalization a1a ed. aLONDON bSage Publications Ltd c1997 [1° Ed.:1997 - Ed.Ling.Originale:1997] a"21 p. (prefazione: no ; testo: 21 [pagine: 170-190])" aGlobalizzazione Culturale e imperialismo Culturale. Aspetti Culturali della Globalizzazione. Confronto teorie Moderne e vecchie della Globalizzazionedella Cultura. aTEORIA DELLA COMUNICAZIONE SOCIALE eCodice materia Spics: 3802